Sẫm violet : Tập truyện ngắn
Sparad:
| Huvudupphovsman: | |
|---|---|
| Materialtyp: | Bok |
| Språk: | Undetermined |
| Publicerad: |
Hà Nội
Văn học
2013
|
| Ämnen: | |
| Taggar: |
Lägg till en tagg
Inga taggar, Lägg till första taggen!
|
| Thư viện lưu trữ: | Trung tâm Học liệu Trường Đại học Cần Thơ |
|---|
| LEADER | 00585nam a2200205Ia 4500 | ||
|---|---|---|---|
| 001 | CTU_181172 | ||
| 008 | 210402s9999 xx 000 0 und d | ||
| 020 | |c 42000 | ||
| 082 | |a 895.9223 | ||
| 082 | |b Th400 | ||
| 100 | |a Nguyễn, Văn Thọ | ||
| 245 | 0 | |a Sẫm violet : | |
| 245 | 0 | |b Tập truyện ngắn | |
| 245 | 0 | |c Nguyễn Văn Thọ | |
| 260 | |a Hà Nội | ||
| 260 | |b Văn học | ||
| 260 | |c 2013 | ||
| 650 | |a Short stories, Vietnamese,Truyện ngắn Việt Nam | ||
| 904 | |i Hải | ||
| 980 | |a Trung tâm Học liệu Trường Đại học Cần Thơ | ||